| 000 | 00404nam a2200145 i 4500 | ||
|---|---|---|---|
| 001 | 24910 | ||
| 003 | ES-MaACL | ||
| 005 | 20230906153147.0 | ||
| 007 | t| | ||
| 008 | 021219s1969 sp ||||1| spa d | ||
| 245 | 0 | 0 |
_aAntología de premios "Hucha de Oro" _b: los mejores cuentos. |
| 260 |
_aMadrid : _bE.M.E.S.A., _c[1969] |
||
| 300 |
_a184 p., 1 lám. ; _c18 cm. |
||
| 852 |
_aES-MaACL _jC-43243 _bR.82674 |
||
| 999 |
_c24910 _d24910 |
||